[Event "URU-ch sf"]
[Site "Montevideo"]
[Date "2019.03.05"]
[Round "7"]
[White "Kimelman, Gabriel"]
[Black "Durante, Aurelio"]
[Result "1-0"]
[WhiteElo "2252"]
[BlackElo "1969"]
[PlyCount "59"]
[EventDate "2019.03.01"]
[EventType "swiss"]
[EventRounds "8"]
[EventCountry "URU"]
[SourceTitle "CBM 189 Extra"]
[Source "ChessBase"]
[SourceDate "2019.05.31"]
[SourceVersion "1"]
[SourceVersionDate "2019.05.31"]
[SourceQuality "1"]

1. c4 c6 2. g3 d5 3. d4 Nf6 4. Bg2 dxc4 5. Nf3 e6 6. Ne5 Bb4+ 7. Bd2 Qe7 8. Nxc4 0-0 9. Nc3 Nbd7 10. a3 Bxc3 11. bxc3 e5 12. 0-0 Re8 13. Re1 Qe6 14. Nb2 e4 15. e3 Nb6 16. a4 Qd5 17. a5 Bg4 18. Qb1 Nbd7 19. Nd3 Qf5 20. Nf4 g5 21. h3 gxf4 22. hxg4 Qxg4 23. exf4 b5 24. axb6 Nxb6 25. Ra5 h6 26. Rc5 Re6 27. f5 Re7 28. Rxc6 Nbd5 29. c4 Rb8 30. Qxb8+ 1-0

[Event "American Continental 14th"]
[Site "Montevideo"]
[Date "2018.06.02"]
[Round "2"]
[White "Perez Ponsa, Federico"]
[Black "Kimelman, Gabriel"]
[Result "1-0"]
[WhiteElo "2556"]
[BlackElo "2279"]
[PlyCount "65"]
[EventDate "2018.06.01"]
[EventType "swiss"]
[EventRounds "11"]
[EventCountry "URU"]
[SourceTitle "CBM 184 Extra"]
[Source "ChessBase"]
[SourceDate "2018.06.28"]
[SourceVersion "1"]
[SourceVersionDate "2018.06.28"]
[SourceQuality "1"]

1. e4 e6 2. d4 d5 3. Nd2 Nf6 4. e5 Nfd7 5. Bd3 c5 6. c3 Nc6 7. Ne2 cxd4 8. cxd4 f6 9. exf6 Nxf6 10. Nf3 Bd6 11. 0-0 0-0 12. Bf4 Bxf4 13. Nxf4 Ne4 14. Ne2 Ng5 15. Ne5 Nxe5 16. dxe5 Qb6 17. Qb3 Qxb3 18. axb3 Nf7 19. f4 Bd7 20. Nd4 a6 21. g3 Nd8 22. Kf2 Nc6 23. Ke3 Rac8 24. h4 Nxd4 25. Kxd4 Rc6 26. Rfc1 Rfc8 27. Rc3 Rb6 28. Rxc8+ Bxc8 29. Rc1 Rb4+ 30. Kc5 Rxb3 31. Kd6 Rxd3 32. Rxc8+ Kf7 33. f5 1-0

[Event "American Continental 14th"]
[Site "Montevideo"]
[Date "2018.06.01"]
[Round "1"]
[White "Kimelman, Gabriel"]
[Black "Areco, Antonio"]
[Result "1-0"]
[WhiteElo "2279"]
[BlackElo "1746"]
[PlyCount "67"]
[EventDate "2018.06.01"]
[EventType "swiss"]
[EventRounds "11"]
[EventCountry "URU"]
[SourceTitle "CBM 184 Extra"]
[Source "ChessBase"]
[SourceDate "2018.06.28"]
[SourceVersion "1"]
[SourceVersionDate "2018.06.28"]
[SourceQuality "1"]

1. c4 e5 2. g3 Nf6 3. Bg2 d5 4. cxd5 Nxd5 5. Nc3 Nb6 6. Nf3 Nc6 7. a3 g6 8. d3 h6 9. b4 a6 10. Bb2 Bg7 11. Rc1 Nd4 12. Ne4 0-0 13. Nc5 c6 14. 0-0 Qe7 15. Nxd4 exd4 16. Rc2 Rd8 17. Re1 Nd5 18. Qa1 Nb6 19. Nb3 Qd6 20. e3 Na4 21. Bxd4 Bxd4 22. Nxd4 Bd7 23. Qc1 Re8 24. h4 h5 25. Ne2 Rad8 26. Nf4 Bg4 27. Rc4 Qf6 28. d4 Nb6 29. Rc5 Na4 30. Rg5 Kh7 31. Qc2 Nb6 32. Be4 Kh6 33. Bxg6 Rxd4 34. Bxf7 1-0

[Event "URU-ch"]
[Site "Montevideo"]
[Date "2018.04.14"]
[Round "8"]
[White "Rodi, Luis Ernesto"]
[Black "Kimelman, Gabriel"]
[Result "1-0"]
[WhiteElo "2314"]
[BlackElo "2255"]
[PlyCount "119"]
[EventDate "2018.04.07"]
[EventType "tourn"]
[EventRounds "9"]
[EventCountry "URU"]
[EventCategory "1"]
[SourceTitle "CBM 183 Extra"]
[Source "ChessBase"]
[SourceDate "2018.04.19"]
[SourceVersion "1"]
[SourceVersionDate "2018.04.19"]
[SourceQuality "1"]

1. e4 e6 2. d4 d5 3. Nd2 Nf6 4. e5 Nfd7 5. c3 c5 6. f4 Nc6 7. Ndf3 Qb6 8. g3 cxd4 9. cxd4 Be7 10. Bh3 0-0 11. Ne2 f6 12. Bxe6+ Kh8 13. exf6 Nxf6 14. Bxc8 Bb4+ 15. Kf1 Raxc8 16. Kg2 Ne4 17. Qd3 Bd6 18. a3 Na5 19. Rb1 Qb3 20. Nc3 Bxa3 21. Ne5 Bd6 22. Nxe4 Qxd3 23. Nxd3 dxe4 24. Ne5 Rc2+ 25. Kh3 Nb3 26. Be3 Kg8 27. Kg4 g6 28. h4 h5+ 29. Kh3 Kh7 30. Rhg1 Rfc8 31. g4 Re2 32. Rbe1 hxg4+ 33. Kxg4 Rxb2 34. f5 gxf5+ 35. Kxf5 Bxe5 36. dxe5 Rh2 37. Rg4 Na5 38. Reg1 Rf8+ 39. Kxe4 Nc6 40. e6 Re8 41. Rg7+ Kh8 42. Kf5 Rxh4 43. Rxb7 Rh7 44. Rxh7+ Kxh7 45. Bc5 a5 46. Kf6 Rc8 47. Bd6 Rd8 48. Rg7+ Kh8 49. Rd7 Rxd7 50. exd7 Kg8 51. Be7 a4 52. Ke6 a3 53. Bxa3 Nd8+ 54. Kf6 Kh7 55. Be7 Nb7 56. Ke6 Kg6 57. Kd5 Kf7 58. Bh4 Kg6 59. Kc6 Na5+ 60. Kc7 1-0

[Event "URU-ch"]
[Site "Montevideo"]
[Date "2018.04.12"]
[Round "6"]
[White "Lopez Azambuja, Nicolas"]
[Black "Kimelman, Gabriel"]
[Result "1/2-1/2"]
[WhiteElo "2314"]
[BlackElo "2255"]
[PlyCount "47"]
[EventDate "2018.04.07"]
[EventType "tourn"]
[EventRounds "9"]
[EventCountry "URU"]
[EventCategory "1"]
[SourceTitle "CBM 183 Extra"]
[Source "ChessBase"]
[SourceDate "2018.04.19"]
[SourceVersion "1"]
[SourceVersionDate "2018.04.19"]
[SourceQuality "1"]

1. d4 e6 2. c4 Nf6 3. Nc3 Bb4 4. e3 b6 5. Nge2 Ba6 6. a3 Bxc3+ 7. Nxc3 d5 8. b3 0-0 9. Be2 c5 10. dxc5 dxc4 11. Qxd8 Rxd8 12. bxc4 Nbd7 13. cxb6 Nxb6 14. Nb5 Rdc8 15. Bf3 Rab8 16. Nxa7 Rc7 17. Nc6 Rbc8 18. Nb4 Bxc4 19. Be2 Nbd5 20. Nxd5 Nxd5 21. Bxc4 Rxc4 22. 0-0 Rc2 23. a4 Nc3 24. Ba3 1/2-1/2

[Event "URU-ch"]
[Site "Montevideo"]
[Date "2018.04.11"]
[Round "5"]
[White "Dominguez, Facundo"]
[Black "Kimelman, Gabriel"]
[Result "0-1"]
[WhiteElo "2143"]
[BlackElo "2255"]
[PlyCount "74"]
[EventDate "2018.04.07"]
[EventType "tourn"]
[EventRounds "9"]
[EventCountry "URU"]
[EventCategory "1"]
[SourceTitle "CBM 183 Extra"]
[Source "ChessBase"]
[SourceDate "2018.04.19"]
[SourceVersion "1"]
[SourceVersionDate "2018.04.19"]
[SourceQuality "1"]

1. e4 e6 2. d4 d5 3. Bd3 Nf6 4. e5 Nfd7 5. f4 c5 6. c3 Nc6 7. Nf3 Qb6 8. Bc2 cxd4 9. cxd4 Nb4 10. 0-0 Nxc2 11. Qxc2 Be7 12. Nc3 0-0 13. Be3 f5 14. Na4 Qd8 15. Rfc1 Nb8 16. a3 b6 17. Nc3 Bd7 18. Qd3 Qe8 19. Rc2 Nc6 20. Rac1 Na5 21. b4 Nc4 22. Ra2 a5 23. bxa5 Bxa3 24. Rxa3 Nxa3 25. Nxd5 exd5 26. Qxa3 bxa5 27. Rc5 a4 28. Rxd5 Bc6 29. Rc5 Bxf3 30. gxf3 Qg6+ 31. Kh1 Qh5 32. Bf2 Rfb8 33. Qa2+ Kh8 34. Rc3 Qh3 35. d5 Qf1+ 36. Bg1 Rb1 37. Qg2 a3 0-1

[Event "Montevideo Duchamp Cup 2nd"]
[Site "Montevideo"]
[Date "2018.02.04"]
[Round "5"]
[White "Kimelman, Gabriel"]
[Black "Hoffman, Alejandro"]
[Result "0-1"]
[WhiteElo "2209"]
[BlackElo "2484"]
[PlyCount "92"]
[EventDate "2018.02.02"]
[EventType "swiss"]
[EventRounds "9"]
[EventCountry "URU"]
[SourceTitle "CBM 182 Extra"]
[Source "ChessBase"]
[SourceDate "2018.02.23"]
[SourceVersion "1"]
[SourceVersionDate "2018.02.23"]
[SourceQuality "1"]

1. Nf3 d5 2. g3 g6 3. Bg2 Bg7 4. 0-0 e5 5. d3 Ne7 6. e4 0-0 7. c3 h6 8. Re1 Nbc6 9. exd5 Nxd5 10. d4 exd4 11. Nxd4 Nxd4 12. cxd4 Be6 13. Nc3 c6 14. Be3 h5 15. Qd2 Nxe3 16. fxe3 h4 17. Qf2 hxg3 18. Qxg3 Bf6 19. Red1 Bh4 20. Qf3 Rc8 21. Ne2 Qg5 22. h3 Rce8 23. Nf4 Bf5 24. Rac1 Qg3 25. Rc3 Qxf3 26. Bxf3 Bg5 27. d5 cxd5 28. Rxd5 Re7 29. Kg2 Rfe8 30. Ra5 b6 31. Raa3 Bxf4 32. exf4 Rd8 33. Kg3 Rd2 34. b4 Be6 35. Re3 Rc7 36. Bg4 Bxa2 37. Re8+ Kg7 38. Ra8 Bd5 39. R8xa7 Rg2+ 40. Kh4 Rxa7 41. Rxa7 Rb2 42. Rd7 Bc4 43. Kg5 Rxb4 44. f5 gxf5 45. Bxf5 Rb5 46. Rd4 Be6 0-1

[Event "Montevideo Duchamp Cup 2nd"]
[Site "Montevideo"]
[Date "2018.02.04"]
[Round "4"]
[White "Kimelman, Gabriel"]
[Black "Villegas, Franco"]
[Result "1/2-1/2"]
[WhiteElo "2209"]
[BlackElo "2288"]
[PlyCount "73"]
[EventDate "2018.02.02"]
[EventType "swiss"]
[EventRounds "9"]
[EventCountry "URU"]
[SourceTitle "CBM 182 Extra"]
[Source "ChessBase"]
[SourceDate "2018.02.23"]
[SourceVersion "1"]
[SourceVersionDate "2018.02.23"]
[SourceQuality "1"]

1. c4 Nf6 2. g3 g6 3. Bg2 Bg7 4. Nf3 0-0 5. 0-0 Nc6 6. Nc3 d6 7. Rb1 e5 8. b4 Re8 9. b5 Nd4 10. d3 Bg4 11. e3 Nxf3+ 12. Bxf3 Bxf3 13. Qxf3 e4 14. Nxe4 Nxe4 15. dxe4 Qc8 16. Bb2 Bxb2 17. Rxb2 Re5 18. Rd1 Qe6 19. Rd4 Re8 20. Rbd2 Kg7 21. Rd5 Rxe4 22. c5 dxc5 23. Rxc5 Rc4 24. Rxc4 Qxc4 25. Rd7 b6 26. a4 Re5 27. Rd4 Qc1+ 28. Kg2 Rf5 29. Rf4 Rxf4 30. Qxf4 Qc2 31. h4 h5 32. Qd4+ Kh7 33. Qd5 Kg7 34. Qe5+ Kg8 35. Qe8+ Kg7 36. Qe5+ Kg8 37. Qe8+ 1/2-1/2

[Event "Montevideo Duchamp Cup 2nd"]
[Site "Montevideo"]
[Date "2018.02.02"]
[Round "1"]
[White "Kimelman, Gabriel"]
[Black "Palacio, Enzo"]
[Result "1-0"]
[WhiteElo "2209"]
[BlackElo "1675"]
[PlyCount "59"]
[EventDate "2018.02.02"]
[EventType "swiss"]
[EventRounds "9"]
[EventCountry "URU"]
[SourceTitle "CBM 182 Extra"]
[Source "ChessBase"]
[SourceDate "2018.02.23"]
[SourceVersion "1"]
[SourceVersionDate "2018.02.23"]
[SourceQuality "1"]

1. c4 c5 2. g3 g6 3. Bg2 Bg7 4. Nc3 Nc6 5. Nf3 Nf6 6. 0-0 0-0 7. d4 cxd4 8. Nxd4 Qb6 9. Nb3 d6 10. Bg5 Be6 11. Nd5 Bxd5 12. cxd5 Ne5 13. e4 Rfc8 14. Qe2 Qd8 15. Bh3 Rc7 16. Rac1 Ned7 17. Rxc7 Qxc7 18. Rc1 Qd8 19. f3 Kf8 20. Be3 Nb6 21. Na5 Rb8 22. b4 Nfd7 23. Rc2 Bf6 24. Kg2 Kg7 25. Qd2 Kg8 26. Qc1 Rc8 27. Rxc8 Nxc8 28. Nxb7 Qe8 29. Qc6 Ncb6 30. Bxb6 1-0

[Event "Rosario 3rd"]
[Site "Rosario"]
[Date "2017.12.28"]
[Round "5"]
[White "Rodriguez Vila, Andres"]
[Black "Kimelman, Gabriel"]
[Result "1-0"]
[WhiteElo "2459"]
[BlackElo "2257"]
[PlyCount "99"]
[EventDate "2017.12.26"]
[EventType "tourn"]
[EventRounds "9"]
[EventCountry "ARG"]
[EventCategory "2"]
[SourceTitle "CBM 182 Extra"]
[Source "ChessBase"]
[SourceDate "2018.02.23"]
[SourceVersion "1"]
[SourceVersionDate "2018.02.23"]
[SourceQuality "1"]

1. d4 e6 2. Nf3 Nf6 3. e3 d5 4. b3 b6 5. Bb2 Be7 6. Bd3 Bb7 7. 0-0 Nbd7 8. a4 a5 9. c4 0-0 10. Nc3 Ne4 11. Rc1 Rc8 12. Qe2 f5 13. Rc2 Bb4 14. cxd5 exd5 15. Rfc1 f4 16. Nb5 fxe3 17. Qxe3 c5 18. dxc5 bxc5 19. Bxe4 dxe4 20. Rd1 c4 21. Ne5 Nxe5 22. Rxd8 Rfxd8 23. h3 Nd3 24. Qb6 Bd5 25. bxc4 Bc5 26. Qxa5 Bb4 27. Qxd8+ Rxd8 28. cxd5 Bc5 29. Bd4 Rxd5 30. Bxc5 Nxc5 31. Nd6 Kf8 32. a5 Ke7 33. Nc8+ Kd8 34. Nb6 Re5 35. Kf1 Na6 36. Rc8+ Ke7 37. Nc4 Rb5 38. Rc6 Nb4 39. Rc7+ Kf8 40. Ke2 h6 41. Kd2 Rf5 42. Ke3 g6 43. Rb7 Nd5+ 44. Kxe4 Nc3+ 45. Kd4 Nb5+ 46. Ke3 Rc5 47. Nb6 Re5+ 48. Kd3 Re7 49. a6 Na7 50. Nd7+ 1-0

[Event "Rosario 3rd"]
[Site "Rosario"]
[Date "2017.12.27"]
[Round "2"]
[White "Kimelman, Gabriel"]
[Black "Beroiz, Julian"]
[Result "1-0"]
[WhiteElo "2257"]
[BlackElo "2130"]
[PlyCount "63"]
[EventDate "2017.12.26"]
[EventType "tourn"]
[EventRounds "9"]
[EventCountry "ARG"]
[EventCategory "2"]
[SourceTitle "CBM 182 Extra"]
[Source "ChessBase"]
[SourceDate "2018.02.23"]
[SourceVersion "1"]
[SourceVersionDate "2018.02.23"]
[SourceQuality "1"]

1. c4 e6 2. g3 d5 3. Bg2 Nf6 4. Nf3 Be7 5. d4 0-0 6. Nbd2 dxc4 7. Nxc4 c5 8. 0-0 Nc6 9. e3 cxd4 10. exd4 Nd5 11. b3 b6 12. Bb2 Bb7 13. Rc1 Rc8 14. Qe2 Rc7 15. Nfe5 Bf6 16. Rfd1 Nce7 17. Ba3 Qa8 18. Qf1 Ba6 19. Qe1 Rfc8 20. Nxf7 Qc6 21. Ncd6 Qd7 22. Nxc8 Rxc8 23. Rxc8+ Bxc8 24. Nd6 Nc6 25. Nxc8 Qxc8 26. Qe4 Qd7 27. Bh3 Kf7 28. Qxh7 Nxd4 29. Qh5+ Kg8 30. Bb2 Nf3+ 31. Qxf3 Bxb2 32. Bxe6+ 1-0

[Event "Wch U18"]
[Site "Montevideo"]
[Date "2017.09.26"]
[Round "11"]
[White "Yeletsky, Ivan"]
[Black "Kimelman, Gabriel"]
[Result "0-1"]
[WhiteElo "2422"]
[BlackElo "2208"]
[PlyCount "118"]
[EventDate "2017.09.17"]
[EventType "swiss"]
[EventRounds "11"]
[EventCountry "URU"]
[SourceTitle "EXT 2018"]
[Source "ChessBase"]
[SourceDate "2017.10.13"]
[SourceVersion "1"]
[SourceVersionDate "2017.10.13"]
[SourceQuality "1"]

1. e4 e6 2. d4 d5 3. Nc3 Bb4 4. e5 c5 5. a3 Bxc3+ 6. bxc3 Ne7 7. Qg4 cxd4 8. Bd3 Qc7 9. Ne2 dxc3 10. Qxg7 Rg8 11. Qxh7 Qxe5 12. h4 Nd7 13. Bf4 Qf6 14. Bg5 Qh8 15. Qxh8 Rxh8 16. Nxc3 f6 17. Be3 a6 18. 0-0-0 Ne5 19. Be2 Nf5 20. Bb6 Bd7 21. g4 Nxh4 22. f4 Neg6 23. f5 Nf4 24. Bf2 Rc8 25. Kb2 Rxc3 26. Kxc3 Nxe2+ 27. Kb4 exf5 28. gxf5 Bxf5 29. Rxh4 Rxh4+ 30. Bxh4 Kf7 31. Rxd5 Be4 32. Rd6 f5 33. Bg5 f4 34. c4 f3 35. Bh4 Kg7 36. a4 Nf4 37. Kc3 Bc6 38. a5 Ng6 39. Bg5 Kh7 40. Kd4 Nf8 41. Bh4 Nd7 42. Re6 Kg7 43. Ke3 Kf7 44. Rd6 Ne5 45. Rf6+ Kg7 46. Kd4 Ng6 47. Rxc6 bxc6 48. Bg3 Kf7 49. Kc5 Ne5 50. Kb6 Nxc4+ 51. Kxc6 Nxa5+ 52. Kb6 Nc4+ 53. Kxa6 Ke6 54. Kb5 Kd5 55. Bf2 Ne5 56. Bg3 Nd3 57. Ka4 Ke4 58. Kb5 Kf5 59. Kc4 Kg4 0-1

[Event "Wch U18"]
[Site "Montevideo"]
[Date "2017.09.22"]
[Round "6"]
[White "Otamendi Munoz, Gilberto"]
[Black "Kimelman, Gabriel"]
[Result "0-1"]
[WhiteElo "1839"]
[BlackElo "2208"]
[PlyCount "76"]
[EventDate "2017.09.17"]
[EventType "swiss"]
[EventRounds "11"]
[EventCountry "URU"]
[SourceTitle "CBM 180 Extra"]
[Source "ChessBase"]
[SourceDate "2017.10.06"]
[SourceVersion "1"]
[SourceVersionDate "2017.10.06"]
[SourceQuality "1"]

1. e4 e6 2. Qe2 c5 3. Nf3 Nc6 4. g3 g6 5. Bg2 Bg7 6. 0-0 Nge7 7. Rd1 d5 8. d3 0-0 9. c3 b6 10. Bf4 h6 11. Na3 Ba6 12. h4 dxe4 13. Qxe4 Nd5 14. Nc4 Nxf4 15. Qxf4 Rc8 16. Qe3 Qc7 17. Nh2 Ne7 18. Ng4 h5 19. Nge5 b5 20. Nxf7 Kxf7 21. Re1 Qd7 22. Rad1 Nf5 23. Ne5+ Bxe5 24. Qxe5 Qd6 25. Qe4 Rc7 26. Qe2 Bb7 27. Be4 Kg7 28. a4 a6 29. a5 Rf6 30. c4 Nd4 31. Qf1 Nf3+ 32. Bxf3 Rxf3 33. Qh3 Re7 34. cxb5 axb5 35. d4 cxd4 36. Re2 e5 37. Kh2 Qf6 38. Qf1 e4 0-1

[Event "Wch U18"]
[Site "Montevideo"]
[Date "2017.09.20"]
[Round "5"]
[White "Kimelman, Gabriel"]
[Black "Martinez Alcantara, Jose Eduardo"]
[Result "0-1"]
[WhiteElo "2208"]
[BlackElo "2462"]
[PlyCount "76"]
[EventDate "2017.09.17"]
[EventType "swiss"]
[EventRounds "11"]
[EventCountry "URU"]
[SourceTitle "CBM 180 Extra"]
[Source "ChessBase"]
[SourceDate "2017.10.06"]
[SourceVersion "1"]
[SourceVersionDate "2017.10.06"]
[SourceQuality "1"]

1. Nf3 c5 2. c4 Nc6 3. g3 g6 4. Bg2 Bg7 5. Nc3 e6 6. d4 cxd4 7. Nb5 d5 8. cxd5 Qa5+ 9. Kf1 exd5 10. Nfxd4 Nxd4 11. Nxd4 Nf6 12. h3 0-0 13. Bf3 Qb6 14. Be3 Qxb2 15. Kg2 Qa3 16. Qb3 Qxb3 17. axb3 a6 18. Rhc1 Ne4 19. Ra5 Rd8 20. Nb5 Be6 21. Nc7 Rac8 22. Nxe6 fxe6 23. Bxe4 dxe4 24. Rxc8 Rxc8 25. Ra4 Rc3 26. Rb4 b5 27. Bb6 Kf7 28. Ba5 Ke7 29. Rxe4 Rxb3 30. Rh4 h5 31. Re4 Rb2 32. g4 Kd6 33. gxh5 gxh5 34. Kf3 Rb3+ 35. e3 Bc3 36. Bd8 a5 37. Rh4 a4 38. Rxh5 a3 0-1

[Event "Wch U18"]
[Site "Montevideo"]
[Date "2017.09.18"]
[Round "3"]
[White "Kimelman, Gabriel"]
[Black "Agmanov, Zhandos"]
[Result "1/2-1/2"]
[WhiteElo "2208"]
[BlackElo "2400"]
[PlyCount "56"]
[EventDate "2017.09.17"]
[EventType "swiss"]
[EventRounds "11"]
[EventCountry "URU"]
[SourceTitle "CBM 180 Extra"]
[Source "ChessBase"]
[SourceDate "2017.10.06"]
[SourceVersion "1"]
[SourceVersionDate "2017.10.06"]
[SourceQuality "1"]

1. Nf3 Nf6 2. c4 e6 3. g3 d5 4. d4 Bb4+ 5. Bd2 a5 6. a3 Be7 7. Bg2 0-0 8. Qc2 c6 9. 0-0 Nbd7 10. a4 b6 11. b3 Ba6 12. Bg5 Rc8 13. Nbd2 c5 14. e3 h6 15. Bxf6 Bxf6 16. Rac1 cxd4 17. exd4 Nb8 18. Rfd1 Nc6 19. Qb2 Nb4 20. Bf1 dxc4 21. Nxc4 Bxc4 22. bxc4 Qe7 23. Qb3 Rfd8 24. Rd2 Bg5 25. Nxg5 Qxg5 26. Rcd1 Rd6 27. Qe3 Qf6 28. h4 Qf5 1/2-1/2

[Event "URU-chT Provinces"]
[Site "Montevideo"]
[Date "2017.08.26"]
[Round "4.3"]
[White "Kimelman, Gabriel"]
[Black "Vaz Lacuesta, Leonardo"]
[Result "1/2-1/2"]
[WhiteElo "2190"]
[BlackElo "2173"]
[PlyCount "41"]
[EventDate "2017.08.25"]
[EventType "team-swiss"]
[EventRounds "5"]
[EventCountry "URU"]
[SourceTitle "EXT 2019"]
[Source "ChessBase"]
[SourceDate "2018.10.10"]
[SourceVersion "1"]
[SourceVersionDate "2018.10.10"]
[SourceQuality "1"]
[WhiteTeam "Montevideo II"]
[BlackTeam "Montevideo Trebejos"]
[WhiteTeamCountry "URU"]
[BlackTeamCountry "URU"]

1. c4 g6 2. g3 Bg7 3. Bg2 Nf6 4. Nf3 0-0 5. 0-0 d6 6. Nc3 e5 7. d3 Nc6 8. Rb1 a5 9. a3 Re8 10. Ne1 Ne7 11. b4 axb4 12. axb4 d5 13. Bg5 Be6 14. Qc1 c6 15. c5 d4 16. Bxf6 Bxf6 17. Ne4 Nd5 18. Nxf6+ Qxf6 19. Bxd5 Bxd5 20. e4 Be6 21. f4 1/2-1/2

[Event "URU-chTA"]
[Site "Uruguay"]
[Date "2017.07.08"]
[Round "4.3"]
[White "Vaz Lacuesta, Leonardo"]
[Black "Kimelman, Gabriel"]
[Result "1-0"]
[WhiteElo "2134"]
[BlackElo "2252"]
[PlyCount "48"]
[EventDate "2017.07.07"]
[EventType "team-swiss"]
[EventRounds "5"]
[EventCountry "URU"]
[SourceTitle "EXT 2018"]
[Source "ChessBase"]
[SourceDate "2017.10.13"]
[SourceVersion "1"]
[SourceVersionDate "2017.10.13"]
[SourceQuality "1"]
[WhiteTeam "Piratas Tablero"]
[BlackTeam "CBR"]
[WhiteTeamCountry "URU"]
[BlackTeamCountry "URU"]

1. e4 e6 2. d4 d5 3. exd5 exd5 4. c4 Bd6 5. Nc3 Nf6 6. Bd3 0-0 7. Nge2 dxc4 8. Bxc4 Nbd7 9. Bg5 c6 10. Qd2 Nb6 11. Bd3 Be7 12. 0-0 Nfd5 13. Bxe7 Qxe7 14. Rac1 Qc7 15. Ng3 Qf4 16. Qd1 f5 17. Nxd5 Nxd5 18. Bc4 Kh8 19. Bxd5 cxd5 20. Rc7 Qh4 21. Qc2 Rg8 22. Qc5 Qf6 23. f4 a5 24. Rc1 Qe6 1-0

[Event "URU-ch"]
[Site "Montevideo"]
[Date "2017.04.02"]
[Round "9"]
[White "Saralegui Cassan, Mario"]
[Black "Kimelman, Gabriel"]
[Result "1/2-1/2"]
[WhiteElo "2111"]
[BlackElo "2181"]
[PlyCount "66"]
[EventDate "2017.03.25"]
[EventType "swiss"]
[EventRounds "9"]
[EventCountry "URU"]
[SourceTitle "CBM 177 Extra"]
[Source "ChessBase"]
[SourceDate "2017.04.27"]
[SourceVersion "1"]
[SourceVersionDate "2017.04.27"]
[SourceQuality "1"]

1. d4 e6 2. c4 f5 3. Nf3 Nf6 4. g3 Bb4+ 5. Bd2 Qe7 6. Bg2 Bxd2+ 7. Nbxd2 d6 8. 0-0 e5 9. dxe5 dxe5 10. Qb3 0-0 11. e4 f4 12. Qc3 Nc6 13. b4 Bg4 14. b5 Nd4 15. Nxd4 exd4 16. Qxd4 Rad8 17. Qc3 Rxd2 18. Qxd2 f3 19. Bh1 Qxe4 20. Rac1 Qg6 21. Rfe1 Nh5 22. Rc3 c6 23. Qd3 Qf6 24. Qe3 h6 25. Qe5 Qg6 26. Qe4 Qg5 27. Rce3 Nf4 28. Bxf3 Nh3+ 29. Kg2 h5 30. Rf1 Rf4 31. Qc2 Rxf3 32. Rxf3 Bxf3+ 33. Kxf3 Qg4+ 1/2-1/2

[Event "URU-ch"]
[Site "Montevideo"]
[Date "2017.04.01"]
[Round "8"]
[White "Kimelman, Gabriel"]
[Black "Benoit, Rodrigo"]
[Result "1/2-1/2"]
[WhiteElo "2181"]
[BlackElo "2114"]
[PlyCount "41"]
[EventDate "2017.03.25"]
[EventType "swiss"]
[EventRounds "9"]
[EventCountry "URU"]
[SourceTitle "CBM 177 Extra"]
[Source "ChessBase"]
[SourceDate "2017.04.27"]
[SourceVersion "1"]
[SourceVersionDate "2017.04.27"]
[SourceQuality "1"]

1. Nf3 c5 2. c4 Nc6 3. Nc3 Nf6 4. g3 d5 5. cxd5 Nxd5 6. Bg2 e6 7. 0-0 Be7 8. d4 0-0 9. Nxd5 exd5 10. dxc5 Bxc5 11. Bf4 Re8 12. Qc2 Bb6 13. Rad1 Qf6 14. Rxd5 Be6 15. Ng5 g6 16. Ne4 Qg7 17. Rd6 Bf5 18. Qa4 Bxe4 19. Bxe4 Qxb2 20. Rd2 Qf6 21. Bg2 1/2-1/2

[Event "URU-ch"]
[Site "Montevideo"]
[Date "2017.03.30"]
[Round "6"]
[White "Kimelman, Gabriel"]
[Black "Lopez Azambuja, Nicolas"]
[Result "1/2-1/2"]
[WhiteElo "2181"]
[BlackElo "2267"]
[PlyCount "132"]
[EventDate "2017.03.25"]
[EventType "swiss"]
[EventRounds "9"]
[EventCountry "URU"]
[SourceTitle "CBM 177 Extra"]
[Source "ChessBase"]
[SourceDate "2017.04.27"]
[SourceVersion "1"]
[SourceVersionDate "2017.04.27"]
[SourceQuality "1"]

1. c4 Nf6 2. g3 e6 3. Bg2 d5 4. Nf3 Be7 5. d4 0-0 6. 0-0 dxc4 7. Qc2 a6 8. a4 Bd7 9. Qxc4 Bc6 10. Qc2 Be4 11. Qd1 a5 12. Nc3 Bc6 13. Bf4 Na6 14. Rc1 Nb4 15. Re1 Bd6 16. Bg5 Bxf3 17. Bxf3 c6 18. e4 e5 19. Be3 Qe7 20. Qe2 Rfe8 21. Bg2 exd4 22. Bxd4 Nd7 23. Rcd1 Rad8 24. f4 Bc5 25. Kh1 Bxd4 26. Rxd4 Nc5 27. Red1 Nb3 28. Rxd8 Rxd8 29. e5 Nc5 30. h3 Rxd1+ 31. Qxd1 Qd7 32. Qxd7 Nxd7 33. Bf1 Nc5 34. Kg2 Nbd3 35. Bxd3 Nxd3 36. Nd1 b5 37. Nc3 b4 38. Nd1 Nc5 39. Kf3 Nxa4 40. Ke4 Kf8 41. Kd4 Ke7 42. b3 Nb6 43. Kc5 Nd5 44. Kxc6 Nc3 45. Ne3 a4 46. bxa4 b3 47. Nc4 Nxa4 48. Nd2 Nc3 49. Nxb3 Ne2 50. f5 Nxg3 51. Nd4 Nh5 52. h4 Nf4 53. Kc7 g6 54. f6+ Ke8 55. Kd6 h6 56. e6 fxe6 57. Nxe6 Ng2 58. Nd8 Kf8 59. f7 Nf4 60. Ke5 g5 61. Kf5 Nd5 62. hxg5 hxg5 63. Kxg5 Kg7 64. Kf5 Ne7+ 65. Ke6 Ng6 66. Nb7 Nh8 1/2-1/2

[Event "URU-ch"]
[Site "Montevideo"]
[Date "2017.03.27"]
[Round "3"]
[White "Oddone, Cristhian"]
[Black "Kimelman, Gabriel"]
[Result "1-0"]
[WhiteElo "2239"]
[BlackElo "2181"]
[PlyCount "85"]
[EventDate "2017.03.25"]
[EventType "swiss"]
[EventRounds "9"]
[EventCountry "URU"]
[SourceTitle "CBM 177 Extra"]
[Source "ChessBase"]
[SourceDate "2017.04.27"]
[SourceVersion "1"]
[SourceVersionDate "2017.04.27"]
[SourceQuality "1"]

1. d4 e6 2. e3 f5 3. c4 Nf6 4. Nc3 Bb4 5. Nge2 b6 6. a3 Be7 7. Nf4 0-0 8. Bd3 Bb7 9. f3 Qe8 10. Qc2 Nh5 11. 0-0 Nc6 12. Nce2 Nf6 13. b4 a6 14. e4 e5 15. Nd5 Rc8 16. Nxe7+ Qxe7 17. d5 Nd8 18. Bb2 f4 19. c5 Kh8 20. Qc3 Re8 21. g3 Nh5 22. gxf4 exf4 23. Kh1 Nf7 24. Rg1 Ne5 25. Nd4 Qh4 26. Nf5 Qh3 27. Be2 Bxd5 28. exd5 Qxf5 29. Bf1 Ng6 30. Bd3 Qh3 31. Bf1 Qh4 32. Bxa6 Re3 33. Qc2 Rce8 34. Rg4 Qh3 35. Qg2 Re1+ 36. Bf1 Qxg2+ 37. Kxg2 Rxa1 38. Bxa1 Re1 39. d6 bxc5 40. dxc7 Ne7 41. Rg5 Nf6 42. Bxf6 gxf6 43. Rxc5 1-0